| 000 -LEADER |
| fixed length control field |
00774cam a2200229 a 4500 |
| 001 - CONTROL NUMBER |
| control field |
4994081 |
| 005 - DATE AND TIME OF LATEST TRANSACTION |
| control field |
20180309073039.0 |
| 008 - FIXED-LENGTH DATA ELEMENTS--GENERAL INFORMATION |
| fixed length control field |
990216s1999 nyua 001 0 eng |
| 010 ## - LIBRARY OF CONGRESS CONTROL NUMBER |
| LC control number |
99014252 |
| 020 ## - INTERNATIONAL STANDARD BOOK NUMBER |
| International Standard Book Number |
0471534781 (alk. paper) |
| 040 ## - CATALOGING SOURCE |
| Original cataloging agency |
DLC |
| Transcribing agency |
DLC |
| Modifying agency |
DLC |
| 041 ## - LANGUAGE CODE |
| Language code of text/sound track or separate title |
eng |
| 080 ## - UNIVERSAL DECIMAL CLASSIFICATION NUMBER |
| Universal Decimal Classification number |
660.28 |
| 082 00 - DEWEY DECIMAL CLASSIFICATION NUMBER |
| Classification number |
660.28 FEL |
| Edition number |
21 |
| 100 1# - Rafti |
| Rafti |
12 |
| 101 ## - Shkurtesa |
| Shkurtesa |
KIM |
| 245 10 - TITLE STATEMENT |
| Title |
Elementary principles of chemical processes / |
| Statement of responsibility, etc |
Richard M. Felder, Ronald W. Rousseau. |
| 504 ## - BIBLIOGRAPHY, ETC. NOTE |
| Bibliography, etc |
Includes index. |
| 906 ## - LOCAL DATA ELEMENT F, LDF (RLIN) |
| a |
7 |
| b |
cbc |
| c |
orignew |
| d |
1 |
| e |
ocip |
| f |
19 |
| g |
y-gencatlg |
| 942 ## - ADDED ENTRY ELEMENTS (KOHA) |
| Source of classification or shelving scheme |
|
| Item type |
Books |